Mari Chordà : (Record no. 196957)

MARC details
000 -LEADER
campo de control de longitud fija 01974nam a2200457 i 4500
001 - NÚMERO DE CONTROL
campo de control 196957
003 - IDENTIFICADOR DE NÚMERO DE CONTROL
campo de control ES-MaACL
005 - FECHA Y HORA DE LA ÚLTIMA TRANSACCIÓN
campo de control 20250819063115.0
008 - DATOS DE LONGITUD FIJA--INFORMACIÓN GENERAL
campo de control de longitud fija 250227s202412 spca|||||c||||||| ||cat|c
017 ## - NÚMERO DE COPYRIGHT O DE DEPÓSITO LEGAL
Número de copyright o de depósito legal T 1170-2024
Agencia que asigna Oficina Depósito Legal Tarragona
020 ## - NÚMERO INTERNACIONAL ESTÁNDAR DEL LIBRO
Número Internacional Estándar del Libro 9788419166104
040 ## - FUENTE DE CATALOGACIÓN
Centro catalogador/agencia de origen ES-BaUB
Lengua de catalogación cat
Normas de descripción rda
Centro/agencia transcriptor ES-BaUB
080 ## - NÚMERO DE LA CLASIFICACIÓN DECIMAL UNIVERSAL
Número de la Clasificación Decimal Universal 7(460.23)Cho
100 1# - ENTRADA PRINCIPAL--NOMBRE DE PERSONA
Nombre de persona Chordà, Mari,
Fechas asociadas al nombre 1942-
9 (RLIN) 239680
Término indicativo de función/relación Autor
240 10 - TÍTULO UNIFORME
Título uniforme Obres.
Subencabezamiento de forma Seleccions
245 10 - MENCIÓN DEL TÍTULO
Título Mari Chordà :
Resto del título de l'arrel al més lluny /
Mención de responsabilidad, etc. Assumpta Bassas, Marta Darder, Teresa Grandas, Elsa Plaza, Meri Torras ; comissària: Teresa Grandas.
250 ## - MENCION DE EDICION
Mención de edición Primera edición
264 #1 - PRODUCCIÓN, PUBLICACIÓN, DISTRIBUCIÓN, FABRICACIÓN Y COPYRIGHT
Producción, publicación, distribución, fabricación y copyright Tarragona :
Nombre del de productor, editor, distribuidor, fabricante Museu d'Art Modern de la Diputació de Tarragona,
Fecha de producción, publicación, distribución, fabricación o copyright 2024
300 ## - DESCRIPCIÓN FÍSICA
Extensión 179 páginas :
Otras características físicas ilustrado a color ;
Dimensiones 31 cm
336 ## - TIPO DE CONTENIDO
Término de tipo de contenido texto
Código de tipo de contenido txt
Fuente rdacontent
336 ## - TIPO DE CONTENIDO
Término de tipo de contenido imagen fija
Código de tipo de contenido sti
Fuente rdacontent
337 ## - TIPO DE MEDIO
Nombre/término del tipo de medio sin mediación
Código del tipo de medio n
Fuente rdamedia
338 ## - TIPO DE SOPORTE
Nombre/término del tipo de soporte volum
Código del tipo de soporte nc
Fuente rdacarrier
490 1# - MENCIÓN DE SERIE
Mención de serie Tamarit
500 ## - NOTA GENERAL
Nota general Catálogo de la exposición celebrada en el Museu d'Art Modern de la Diputación de Tarragona del 2 de febrero al 28 de abril de 2024 y en el MACBA Museu d'Art Contemporani de Barcelona del 5 de julio de 2024 al 12 de enero de 2025.
546 ## - NOTA DE IDIOMA
Nota de lengua/lenguaje Textos en catalán, español e inglés
600 #0 - PUNTO DE ACCESO ADICIONAL DE MATERIA--NOMBRE DE PERSONA
Nombre de persona Chordà, Mari,
Fechas asociadas al nombre 1942-
9 (RLIN) 239680
655 #7 - TERMINO DE INDIZACIÓN--GENERO/FORMA
Datos o término principal de género/forma Catálogos de exposiciones
Fuente del término tgfbne
9 (RLIN) 193628
700 1# - ENTRADA AGREGADA--NOMBRE PERSONAL
Nombre de persona Bassas, Assumpta
9 (RLIN) 239684
Término indicativo de función/relación Autor
700 ## - ENTRADA AGREGADA--NOMBRE PERSONAL
Nombre de persona Darder, Marta
9 (RLIN) 239685
Término indicativo de función/relación Autor
700 ## - ENTRADA AGREGADA--NOMBRE PERSONAL
Nombre de persona Grandas, Teresa
9 (RLIN) 239686
Término indicativo de función/relación Autor
700 ## - ENTRADA AGREGADA--NOMBRE PERSONAL
Nombre de persona Plaza, Elsa
9 (RLIN) 239687
Término indicativo de función/relación Autor
700 ## - ENTRADA AGREGADA--NOMBRE PERSONAL
Nombre de persona Torras, Meri,
Fechas asociadas al nombre 1968-
9 (RLIN) 239688
Término indicativo de función/relación Autor
830 #0 - PUNTO DE ACCESO ADICIONAL DE SERIE-TÍTULO UNIFORME
Título uniforme Tamarit
9 (RLIN) 239689
852 ## - LOCALIZACIÓN
Ubicación ES-MaCL
Ubicación en estantería Depósito J
Número de control de estantería N-10451
Encuadernación Encuadernación cartoné
itemnumber 206574
Donativo/Legado Donación: Editorial
942 ## - ELEMENTOS DE ENTRADA SECUNDARIOS (KOHA)
Tipo de ítem Koha Libro impreso
Suprimir en OPAC No
Holdings
Estatus retirado Estado de pérdida Fuente del sistema de clasificación o colocación Estado de daño No para préstamo Biblioteca de origen Biblioteca actual Ubicación en estantería Fecha de adquisición Fuente de adquisición Total de préstamos Signatura topográfica completa Código de barras Visto por última vez Precio de reemplazo Tipo de ítem Koha
    Clasificación decimal universal     Biblioteca del Ateneo de Madrid Biblioteca del Ateneo de Madrid Depósito J 17/08/2025 Donación   N-10451 2025-0951 17/08/2025 17/08/2025 Libro impreso